000 00901nam a22002297a 4500
003 OSt
005 20250612145829.0
008 200219s2018 ck a|||dr|||| 00| fdspa d
020 _a9789584271204
040 _aCO-JMCR
_cCO-JMCR
082 0 4 _aJ-N
_bVILm
100 1 _aVillegas, María,
_eautora
_9758
245 _aMila scott :
_bel despertar del fuego /
_cMaría Villegas ; ilustraciones, Ivan Chacón
260 _aBogotá :
_bPlaneta,
_c2018
300 _a396 páginas :
_bilustraciones a blanco y negro ;
_c21 cm.
500 _aDatos biográficos del autor en solapa frontal.
520 _aTenía catorce años cuando, misteriosamente, mi abuela, la persona más importante de mi vida, murió. Ese día descubrí tres cosas que me cambiaron para siempre.
650 1 4 _aNovela
_xjuvenil
_9759
650 1 4 _aNovela
_xfamilia
_9760
700 1 _aChacón, Ivan,
_eilustrador
_9761
942 _2ddc
_cBK
999 _c6558
_d6558